000 00280nam a22001337a 4500
008 170929b xxu||||| |||| 00| 0 eng d
020 _a0812002105
041 _aeng
080 _a37
100 _a47
101 _aEDU
245 _a201 GERMAN VERBS
_cSTRUTZ,H
942 _2udc
_cBK
999 _c30773
_d30773